भारतीय क्रिकेट (Record no. 402787)

MARC details
000 -LEADER
fixed length control field 00454nam a2200145Ia 4500
008 - FIXED-LENGTH DATA ELEMENTS--GENERAL INFORMATION
fixed length control field 100122s9999 xx 000 0 und d
082 ## - DEWEY DECIMAL CLASSIFICATION NUMBER
Item number 11385
Classification number 796
100 ## - MAIN ENTRY--PERSONAL NAME
Personal name सराफ दत्ता
245 ## - TITLE STATEMENT
Title भारतीय क्रिकेट
260 ## - PUBLICATION, DISTRIBUTION, ETC. (IMPRINT)
Name of publisher, distributor, etc अनुपम प्रकाशन
Date of publication, distribution, etc 1962
300 ## - PHYSICAL DESCRIPTION
Extent 160
630 ## - SUBJECT ADDED ENTRY--UNIFORM TITLE
Uniform title भारतीय क्रिकेट
730 ## - ADDED ENTRY--UNIFORM TITLE
Uniform title भारतीय क्रिकेट
942 ## - ADDED ENTRY ELEMENTS (KOHA)
Koha item type Book

No items available.